| 000 | 01124nam2a2200277 4500 | ||
|---|---|---|---|
| 001 | rc\2889251 | ||
| 005 | 20110724124359.8 | ||
| 035 | _a(NLR Aleph) 007041639 | ||
| 090 |
_a13587626 _c13587626 |
||
| 100 | _a20110724d1932 |||y0rusy50 ca | ||
| 101 | 0 | _arus | |
| 102 | _aRU | ||
| 105 | _ay z ||||| | ||
| 200 | 1 | _aСборник работ, проведенных научными сотрудниками А.И. Полинковской, Н.В. Соломиным, М.С. Федоровой и М.Г. Черняком | |
| 210 | _d1932 | ||
| 225 | 1 |
_aТруды научно-исследовательских институтов промышленности _fГос. экспериментальный ин-т стекла _v№ 501 |
|
| 461 | 0 |
_1001rc\2889250 _12001#$a[Издания]$eВып. 1-$vВып. 1 |
|
| 702 | 1 |
_aПолинковская _bА. И. _4570 |
|
| 702 | 1 |
_aСоломин _bН. В. _4570 |
|
| 702 | 1 |
_aФедорова _bМ. С. _4570 |
|
| 702 | 1 |
_aЧерняк _bМ. Г. _4570 |
|
| 801 | 0 |
_aRU _bNLR _gpsbo |
|
| 801 | 1 |
_aRU _bELAR _2rusmarc |
|
| 852 |
_aNLR _j32-19/303 |
||
| 942 | _cBOOK | ||
| 980 | _aNB | ||